| 000 | 00348nam a2200133Ia 4500 | ||
|---|---|---|---|
| 008 | 231017s9999 xx 000 0 und d | ||
| 082 | _a625.85 | ||
| 082 | _bPAR | ||
| 245 | 0 | _aNCHRP Web-Only Document 115: Using the Results of Contractor-Performed Tests in Quality Assurance | |
| 245 | 0 | _cTRB | |
| 260 | _bTRB | ||
| 300 | _c30cm | ||
| 942 | _cREP | ||
| 999 |
_c604833 _d604833 |
||